Código de comercio para las Islas Filipinas y demás archipielagos españoles de Oceanía. (Record no. 44591)

MARC details
000 -LEADER
campo de control de longitud fija 00758nam a2200217 i 4500
001 - NÚMERO DE CONTROL
campo de control 44591
003 - IDENTIFICADOR DE NÚMERO DE CONTROL
campo de control ES-MaACL
005 - FECHA Y HORA DE LA ÚLTIMA TRANSACCIÓN
campo de control 20230906161047.0
007 - CAMPO FIJO DE DESCRIPCIÓN FÍSICA--INFORMACIÓN GENERAL
campo de control de longitud fija t|
008 - DATOS DE LONGITUD FIJA--INFORMACIÓN GENERAL
campo de control de longitud fija 030321s1888 sp ||||1| spa d
110 1# - ENTRADA PRINCIPAL--NOMBRE DE ENTIDAD CORPORATIVA
Nombre de entidad corporativa o nombre de jurisdicción como elemento de entrada Filipinas (Capitanía General)
9 (RLIN) 161679
240 10 - TÍTULO UNIFORME
Título uniforme Código de comercio, 1888
245 10 - MENCIÓN DEL TÍTULO
Título Código de comercio para las Islas Filipinas y demás archipielagos españoles de Oceanía.
250 ## - MENCION DE EDICION
Mención de edición Ed. oficial.
260 ## - PUBLICACIÓN, DISTRIBUCIÓN, ETC.
Lugar de publicación, distribución, etc. Madrid :
Nombre del editor, distribuidor, etc. [s.n.],
Fecha de publicación, distribución, etc. 1888 (
Fabricante Ramón Moreno)
300 ## - DESCRIPCIÓN FÍSICA
Extensión VI, 299 p. ;
Dimensiones 23 cm.
530 ## - NOTA DISPONIBLE DE FORMULARIO FÍSICO ADICIONAL
Nota de formato físico adicional disponible Disponible en formato digital.
650 ## - PUNTO DE ACCESO ADICIONAL DE MATERIA--TÉRMINO DE MATERIA
Término de materia o nombre geográfico como elemento de entrada Derecho mercantil-
Subdivisión geográfica Filipinas.
9 (RLIN) 161681
852 ## - LOCALIZACIÓN
Ubicación ES-MaACL
Número de control de estantería C-3217
856 ## - LOCALIZACIÓN Y ACCESO ELECTRÓNICOS
Identificador Uniforme de Recursos <a href="http://bdh-rd.bne.es/viewer.vm?id=0000125953&page=1 ">http://bdh-rd.bne.es/viewer.vm?id=0000125953&page=1 </a>
Nota pública Biblioteca Digital Hispánica
Holdings
Estatus retirado Estado de pérdida Estado de daño No para préstamo Colección Biblioteca de origen Biblioteca actual Ubicación en estantería Fecha de adquisición Fuente de adquisición Total de préstamos Signatura topográfica completa Código de barras Visto por última vez Precio de reemplazo Tipo de ítem Koha
        Colección digital Biblioteca del Ateneo de Madrid Biblioteca del Ateneo de Madrid Sala Palomar 17/01/2008     C-3217 1046933 23/02/2023 23/02/2023 Libro impreso antiguo